Nordeste (Record no. 65501)

MARC details
000 -LEADER
campo de control de longitud fija 00545nam a2200157 i 4500
001 - NÚMERO DE CONTROL
campo de control 65501
003 - IDENTIFICADOR DE NÚMERO DE CONTROL
campo de control ES-MaACL
007 - CAMPO FIJO DE DESCRIPCIÓN FÍSICA--INFORMACIÓN GENERAL
campo de control de longitud fija t|
008 - DATOS DE LONGITUD FIJA--INFORMACIÓN GENERAL
campo de control de longitud fija 040114s1943 sp ||||1| spa d
100 1# - ENTRADA PRINCIPAL--NOMBRE DE PERSONA
Nombre de persona Freyre, Gilberto.
9 (RLIN) 52568
245 10 - MENCIÓN DEL TÍTULO
Título Nordeste
Resto del título : aspectos de la influencia de la caña sobre la vida /
Mención de responsabilidad, etc. Gilberto Freyre ; traducido del portugués por Cayetano Romano.
260 ## - PUBLICACIÓN, DISTRIBUCIÓN, ETC.
Lugar de publicación, distribución, etc. Madrid :
Nombre del editor, distribuidor, etc. Espasa-Calpe,
Fecha de publicación, distribución, etc. 1943 (
Fabricante Sebastián de Amorrortu)
300 ## - DESCRIPCIÓN FÍSICA
Extensión 237 p. ;
Dimensiones 22 cm.
700 1# - ENTRADA AGREGADA--NOMBRE PERSONAL
Nombre de persona Romano, Cayetano.
9 (RLIN) 99248
852 ## - LOCALIZACIÓN
Ubicación ES-MaACL
Número de control de estantería B-1850
Sublocalización o colección R.27034
Holdings
Estatus retirado Estado de pérdida Estado de daño No para préstamo Biblioteca de origen Biblioteca actual Ubicación en estantería Fecha de adquisición Fuente de adquisición Total de préstamos Signatura topográfica completa Código de barras Visto por última vez Precio de reemplazo Tipo de ítem Koha
        Biblioteca del Ateneo de Madrid Biblioteca del Ateneo de Madrid Sala Pardo Bazán 17/01/2008     B-1850 1068626 23/02/2023 23/02/2023 Libro impreso